[Event "IX Floripa Chess Open Fort Atacadista"]
[Site "Florianópolis - Santa Catari"]
[Date "2023.01.25"]
[Round "4.101"]
[White "Amarilla Ettiene, Ezequiel"]
[Black "Heinechen, John"]
[Result "1-0"]
[WhiteElo "1616"]
[BlackElo "1935"]
[PlyCount "85"]
[EventDate "2023.01.23"]
[EventRounds "10"]
[EventCountry "BRA"]

1. e4 c5 2. Nf3 Nc6 3. d4 cxd4 4. Nxd4 g6 5. c4 Bg7 6. Be3 Nf6 7. Nc3 O-O 8.
Be2 d6 9. O-O Bd7 10. h3 Nxd4 11. Bxd4 a5 12. Qc2 a4 13. b4 axb3 14. axb3 Qc7
15. f4 Bc6 16. Bf3 Nd7 17. Bxg7 Kxg7 18. Qb2 Kg8 19. b4 b6 20. Ne2 e5 21. f5
Rxa1 22. Qxa1 gxf5 23. Qc1 fxe4 24. Qg5+ Kh8 25. Bg4 f6 26. Qh6 Qd8 27. b5 Bxb5
28. cxb5 Nc5 29. Ng3 Rf7 30. Bh5 Qf8 31. Qe3 Rd7 32. Nxe4 Nxe4 33. Qxe4 d5 34.
Qf5 Rd6 35. Qxe5 fxe5 36. Rxf8+ Kg7 37. Rf7+ Kh6 38. Rf5 e4 39. Bf7 d4 40. Re5
Kg7 41. Bc4 d3 42. Rd5 Re6 43. Rd7+ 1-0

[Event "IX Floripa Chess Open Fort Atacadista"]
[Site "Florianópolis - Santa Catari"]
[Date "2023.01.25"]
[Round "4.102"]
[White "Barrientos, Ernesto"]
[Black "Dias, Clara"]
[Result "1-0"]
[WhiteElo "1934"]
[BlackElo "1430"]
[PlyCount "51"]
[EventDate "2023.01.23"]
[EventRounds "10"]
[EventCountry "BRA"]

1. e4 c5 2. Nf3 d6 3. d4 cxd4 4. Nxd4 Nf6 5. Nc3 a6 6. Bg5 e6 7. f4 Be7 8. Qf3
Qc7 9. O-O-O Nbd7 10. Bd3 h6 11. Bh4 g5 12. fxg5 Ne5 13. Qe2 Nfg4 14. Nf3 hxg5
15. Bxg5 Bxg5+ 16. Nxg5 Qc5 17. Nh3 Bd7 18. Rde1 Ke7 19. Kb1 b5 20. Nd1 Rag8
21. Qd2 Qd4 22. Qc3 Qb6 23. Nf4 Rxh2 24. Rxh2 Nxh2 25. Ne3 Nhg4 26. Ned5+ 1-0

[Event "IX Floripa Chess Open Fort Atacadista"]
[Site "Florianópolis - Santa Catari"]
[Date "2023.01.25"]
[Round "4.103"]
[White "Reichert, Thiago Da Cruz"]
[Black "Silva, Juliana Figueira Th"]
[Result "1-0"]
[WhiteElo "1930"]
[BlackElo "1393"]
[PlyCount "119"]
[EventDate "2023.01.23"]
[EventRounds "10"]
[EventCountry "BRA"]

1. d4 Nf6 2. c4 g6 3. Nc3 Bg7 4. e4 d6 5. f3 O-O 6. Be3 Nbd7 7. Nge2 e5 8. Qd2
a5 9. O-O-O c6 10. g4 Rb8 11. h4 b5 12. cxb5 cxb5 13. h5 b4 14. Na4 Bb7 15. d5
Ba6 16. Ng3 Rc8+ 17. Kb1 Bxf1 18. Rdxf1 Qe7 19. Qh2 Bh8 20. Rfg1 Rfd8 21. Bg5
b3 22. axb3 Rb8 23. hxg6 fxg6 24. Ka2 Rb7 25. Rc1 Rdb8 26. Rc3 Nb6 27. Rhc1
Nxa4 28. Rc8+ Kf7 29. Bxf6 Bxf6 30. Qxh7+ Bg7 31. Qg8+ Kf6 32. Rxb8 Rxb8 33.
Qxb8 Nc5 34. Ne2 Bh6 35. Rh1 Bg7 36. Nc3 Na6 37. Qb6 Nc5 38. Nb5 Bf8 39. Rc1
Kg7 40. Qxa5 Qg5 41. Rc3 Qd2 42. Qc7+ Kh6 43. Nxd6 Bxd6 44. Qxd6 Nd3 45. Qa3
Nc1+ 46. Kb1 Ne2 47. Qf8+ Kg5 48. Qe7+ Kf4 49. Qf6+ Kg3 50. Qxe5+ Kh3 51. f4+
Kg2 52. f5 Qd1+ 53. Ka2 Nc1+ 54. Ka3 Ne2 55. Ka2 Qf1 56. fxg6 Nc1+ 57. Rxc1
Qa6+ 58. Kb1 Qd3+ 59. Rc2+ Kf3 60. Qc3 1-0

[Event "IX Floripa Chess Open Fort Atacadista"]
[Site "Florianópolis - Santa Catari"]
[Date "2023.01.25"]
[Round "4.104"]
[White "De Paula, Bruno Cesar Lima"]
[Black "Schena, Arthur"]
[Result "1-0"]
[WhiteElo "1591"]
[BlackElo "1918"]
[PlyCount "67"]
[EventDate "2023.01.23"]
[EventRounds "10"]
[EventCountry "BRA"]

1. e4 c5 2. Nf3 e6 3. d4 cxd4 4. Nxd4 Nf6 5. Nc3 Nc6 6. Ndb5 Bb4 7. a3 Bxc3+ 8.
Nxc3 d5 9. exd5 exd5 10. Bd3 O-O 11. O-O d4 12. Ne4 Bf5 13. Bg5 Bxe4 14. Bxe4
h6 15. Bxf6 Qxf6 16. Qg4 Ne5 17. Qg3 Rac8 18. Bd3 Nxd3 19. Qxd3 Qb6 20. Rab1
Qc5 21. Rfd1 Qxc2 22. Qxd4 b6 23. g3 Rfe8 24. Qf4 Re4 25. Qf3 Rc6 26. Rd8+ Kh7
27. Qf5+ Rg6 28. Rf1 Re2 29. Qxf7 Rf6 30. Qg8+ Kg6 31. Rd7 Rexf2 32. Qxg7+ Kh5
33. Rd5+ R2f5 34. Qxf6 1-0

[Event "IX Floripa Chess Open Fort Atacadista"]
[Site "Florianópolis - Santa Catari"]
[Date "2023.01.25"]
[Round "4.105"]
[White "Muzzi, Eduardo"]
[Black "Nagel, Yasmin Da Silva"]
[Result "1-0"]
[WhiteElo "1917"]
[BlackElo "1386"]
[PlyCount "93"]
[EventDate "2023.01.23"]
[EventRounds "10"]
[EventCountry "BRA"]

1. e4 e5 2. Nf3 Nc6 3. Bc4 Bc5 4. b4 Bxb4 5. c3 Ba5 6. d4 exd4 7. O-O Nge7 8.
Qb3 O-O 9. cxd4 d6 10. Bb2 Ng6 11. Nc3 Bb6 12. Ne2 Na5 13. Qd3 a6 14. d5 Nxc4
15. Qxc4 f6 16. Nfd4 Qe7 17. Ng3 Ne5 18. Qb3 Bxd4 19. Bxd4 Rb8 20. f4 Ng6 21.
Rae1 Qd8 22. Qf3 c6 23. Qh5 Bd7 24. Nf5 Be8 25. Qe2 c5 26. Bc3 Bb5 27. Qh5 Bxf1
28. Rxf1 Ne7 29. Ng3 Qe8 30. Qg4 Kh8 31. Rf3 Qc8 32. f5 Ng8 33. Nh5 Qc7 34. Nf4
Nh6 35. Qh4 Rf7 36. Ne6 Qe7 37. Rg3 Rg8 38. Bd2 b5 39. Rh3 b4 40. g4 c4 41. g5
fxg5 42. Bxg5 Qa7+ 43. Be3 Qe7 44. Qg3 Qd7 45. Bd4 c3 46. Rxh6 a5 47. Rxh7+ 1-0

[Event "IX Floripa Chess Open Fort Atacadista"]
[Site "Florianópolis - Santa Catari"]
[Date "2023.01.25"]
[Round "4.106"]
[White "Caceres Benitez, Fernando Israel"]
[Black "Cerrato, Alex"]
[Result "0-1"]
[WhiteElo "1574"]
[BlackElo "1915"]
[PlyCount "64"]
[EventDate "2023.01.23"]
[EventRounds "10"]
[EventCountry "BRA"]

1. f4 e5 2. fxe5 d6 3. Nf3 Nc6 4. e4 Bg4 5. Nc3 Nxe5 6. Be2 Nf6 7. Nxe5 Bxe2 8.
Qxe2 dxe5 9. Qb5+ Nd7 10. Qxb7 Bc5 11. Qb5 O-O 12. Na4 a6 13. Qe2 Ba7 14. Rf1
f5 15. exf5 Qh4+ 16. g3 Qxa4 17. b3 Qb5 18. c4 Qb7 19. Bb2 Bd4 20. Bxd4 exd4
21. Qe6+ Rf7 22. O-O-O Nc5 23. Qe2 a5 24. Rf4 a4 25. Kb2 axb3 26. a3 Qa7 27.
Ra1 Na4+ 28. Kb1 c5 29. g4 Re7 30. Re4 Rae8 31. Re6 Rxe6 32. fxe6 Qe7 0-1

[Event "IX Floripa Chess Open Fort Atacadista"]
[Site "Florianópolis - Santa Catari"]
[Date "2023.01.25"]
[Round "4.107"]
[White "Monauer, Caique"]
[Black "Da Luz, Felipe Garcia"]
[Result "0-1"]
[WhiteElo "1533"]
[BlackElo "1914"]
[PlyCount "60"]
[EventDate "2023.01.23"]
[EventRounds "10"]
[EventCountry "BRA"]

1. c4 e5 2. g3 Nc6 3. Bg2 f5 4. d3 Nf6 5. Nc3 g6 6. Nf3 Bg7 7. a3 a5 8. Qc2 d6
9. Bg5 h6 10. Bxf6 Bxf6 11. e3 g5 12. Nd5 Bg7 13. Nd2 Ne7 14. h4 g4 15. Rc1 c6
16. Nxe7 Qxe7 17. O-O O-O 18. f4 exf4 19. exf4 Rf6 20. Nb1 Re6 21. Nc3 Re3 22.
Kh2 Bd7 23. Qd2 Re8 24. b4 axb4 25. axb4 Qf6 26. Rf2 Qd4 27. Bf1 Bf6 28. Nd1
Re1 29. Be2 R8xe2 30. Rxe2 Qg1# 0-1

[Event "IX Floripa Chess Open Fort Atacadista"]
[Site "Florianópolis - Santa Catari"]
[Date "2023.01.25"]
[Round "4.108"]
[White "Bassani, Jaison Jose"]
[Black "De Melo, Jailson Jose"]
[Result "1-0"]
[WhiteElo "1913"]
[BlackElo "1929"]
[PlyCount "166"]
[EventDate "2023.01.23"]
[EventRounds "10"]
[EventCountry "BRA"]

1. e4 c6 2. c4 d5 3. exd5 cxd5 4. cxd5 Nf6 5. Nc3 Nxd5 6. Nf3 e6 7. d4 Bb4 8.
Bd2 Nc6 9. Bd3 O-O 10. O-O Be7 11. a3 Bf6 12. Be3 b6 13. Nxd5 Qxd5 14. Qc2 Bb7
15. Bxh7+ Kh8 16. Be4 Nxd4 17. Bxd5 Nxc2 18. Bxb7 Rab8 19. Ba6 Nxa1 20. Rxa1
Bxb2 21. Ra2 Bf6 22. Kf1 Rbd8 23. Rd2 Bc3 24. Rc2 Ba5 25. Rc7 Rd1+ 26. Ke2 Ra1
27. Ne5 Ra2+ 28. Kf3 Rxa3 29. Rxa7 Bb4 30. Nc4 Rb3 31. Nxb6 Bc5 32. Rb7 Bxe3
33. fxe3 Rd8 34. Nc4 Rxb7 35. Bxb7 Rd7 36. Be4 f6 37. Bg6 Kg8 38. g4 Rd1 39. h4
Rh1 40. h5 Kf8 41. Nd6 Ke7 42. Ne8 Kf8 43. Nc7 Ke7 44. Nb5 Rf1+ 45. Kg2 Re1 46.
Kf2 Rh1 47. Nd4 Rh2+ 48. Kg3 Rh1 49. Bh7 e5 50. Nf5+ Kf8 51. Bg6 Ra1 52. Kf3
Rc1 53. Ng3 Ra1 54. Bf5 Ke7 55. Ne4 Rh1 56. Nf2 Ra1 57. Bd3 Rg1 58. Be2 Ra1 59.
Bd1 Rc1 60. Ke4 Ke6 61. Bb3+ Ke7 62. Nd3 Rf1 63. Nc5 Rf2 64. Be6 Kf8 65. Bd5
Rd2 66. Bc4 Rc2 67. Kd3 Rg2 68. Ne6+ Ke7 69. Nxg7 Rxg4 70. Nf5+ Kf8 71. h6 Rg2
72. Bd5 Rh2 73. Kc4 Rc2+ 74. Kb5 Rc7 75. e4 Rc1 76. h7 Rh1 77. Bg8 Ke8 78. Kc6
Kf8 79. Kd6 Rh2 80. Ke6 Rh6 81. Nxh6 Kg7 82. Kf5 Kh8 83. Kg6 f5 1-0

[Event "IX Floripa Chess Open Fort Atacadista"]
[Site "Florianópolis - Santa Catari"]
[Date "2023.01.25"]
[Round "4.109"]
[White "Cardoso, Maria Paula Da Silv"]
[Black "Bail, Ellen Larissa"]
[Result "0-1"]
[WhiteElo "1511"]
[BlackElo "1913"]
[PlyCount "144"]
[EventDate "2023.01.23"]
[EventRounds "10"]
[EventCountry "BRA"]

1. e4 e6 2. d4 d5 3. Nc3 Nf6 4. e5 Nfd7 5. f4 c5 6. dxc5 Nxc5 7. Nf3 a6 8. Be3
b5 9. Bd3 Nbd7 10. O-O g6 11. Qe2 Nb6 12. b3 Bb7 13. Nd1 Be7 14. Nf2 Rc8 15.
Nd4 Nbd7 16. Ng4 Nxd3 17. cxd3 Bc5 18. Rac1 h5 19. Nf2 Qb6 20. Nc2 d4 21. Bd2
a5 22. Ne1 Ke7 23. Ne4 Ba3 24. Rd1 Bd5 25. Qf2 h4 26. Nf3 Bxe4 27. dxe4 Bc5 28.
Kh1 h3 29. f5 hxg2+ 30. Qxg2 exf5 31. exf5 Rcg8 32. Bg5+ Ke8 33. e6 fxe6 34.
fxe6 Nb8 35. Ne5 Qxe6 36. Ng4 Qc6 37. Nf6+ Kf8 38. Qxc6 Nxc6 39. Nd7+ Kg7 40.
Bf6+ Kh6 41. Nxc5 Rh7 42. Rf3 g5 43. Rh3+ Kg6 44. Rxh7 Kxh7 45. Rg1 g4 46. Re1
Rg6 47. Bh4 Nb4 48. a3 Nc2 49. Rd1 Rc6 50. Ne4 Ne3 51. Re1 Nc2 52. Rf1 Nxa3 53.
Rf5 Rc2 54. Rd5 Rb2 55. Nc5 Nc2 56. Rg5 Ne3 57. h3 gxh3 58. Rg3 Rb1+ 59. Kh2
Nf1+ 60. Kxh3 Nxg3 61. Bxg3 Kg6 62. Kg4 Rc1 63. Nd3 Rc3 64. Ne5+ Kf6 65. Nf3
Rxb3 66. Nxd4 Rb4 67. Kf4 Rxd4+ 68. Ke3 Rd7 69. Be1 a4 70. Bb4 Ke6 71. Ke4 Rd1
72. Ba5 a3 0-1

[Event "IX Floripa Chess Open Fort Atacadista"]
[Site "Florianópolis - Santa Catari"]
[Date "2023.01.25"]
[Round "4.110"]
[White "Andrade, Guilherme A. De Sou"]
[Black "Matos, Alexandre De"]
[Result "1-0"]
[WhiteElo "1913"]
[BlackElo "1871"]
[PlyCount "97"]
[EventDate "2023.01.23"]
[EventRounds "10"]
[EventCountry "BRA"]

1. e4 c5 2. Nf3 g6 3. d4 cxd4 4. Nxd4 Bg7 5. Nc3 Nc6 6. Be3 Qa5 7. Qd2 Nf6 8.
Nb3 Qc7 9. Be2 d6 10. h3 a6 11. O-O b5 12. Bg5 Be6 13. Bh6 O-O 14. Bxg7 Kxg7
15. a4 bxa4 16. Rxa4 Qb7 17. Nd4 Nxd4 18. Qxd4 Kg8 19. Rb4 Qc7 20. Bd3 Rfb8 21.
Ra1 Rxb4 22. Qxb4 a5 23. Nb5 Qb6 24. Qc3 Ne8 25. Ra3 f6 26. Nd4 Rc8 27. Rb3
Qxb3 28. Qxc8 Bxc8 29. Nxb3 a4 30. Nd4 Nc7 31. Nb5 Na8 32. Kf1 Kf7 33. Ke2 Bd7
34. Kd2 Ke8 35. Kc3 Kd8 36. Kb4 Bc6 37. Kxa4 Nb6+ 38. Ka5 Nd7 39. Nd4 Nf8 40.
b4 Kc7 41. b5 Bd7 42. Bc4 e5 43. b6+ Kb8 44. Nb5 Bxb5 45. Kxb5 Nd7 46. Kc6 Nc5
47. Bd5 Na4 48. b7 Nc5 49. Kxd6 1-0

[Event "IX Floripa Chess Open Fort Atacadista"]
[Site "Florianópolis - Santa Catari"]
[Date "2023.01.25"]
[Round "4.111"]
[White "Freitas, Ronan Cunha"]
[Black "De Sousa, Paulo Goncalves"]
[Result "1-0"]
[WhiteElo "1898"]
[BlackElo "1800"]
[PlyCount "31"]
[EventDate "2023.01.23"]
[EventRounds "10"]
[EventCountry "BRA"]

1. d4 Nf6 2. c4 g6 3. Nc3 d5 4. Bf4 Bg7 5. e3 O-O 6. Rc1 c5 7. dxc5 Ne4 8. cxd5
Qa5 9. Nge2 Nxc3 10. Nxc3 Qxc5 11. Be2 Rd8 12. O-O e6 13. Nb5 Qxd5 14. Nc7 Qxd1
15. Rfxd1 Rxd1+ 16. Rxd1 1-0

[Event "IX Floripa Chess Open Fort Atacadista"]
[Site "Florianópolis - Santa Catari"]
[Date "2023.01.25"]
[Round "4.112"]
[White "Soares, Rafael Tuma"]
[Black "Kayser, Gustavo Warmling"]
[Result "0-1"]
[WhiteElo "1440"]
[BlackElo "1898"]
[PlyCount "38"]
[EventDate "2023.01.23"]
[EventRounds "10"]
[EventCountry "BRA"]

1. d4 Nf6 2. Nf3 d5 3. Nbd2 c5 4. e3 Nc6 5. c3 Bf5 6. Be2 e6 7. O-O Rc8 8. Re1
Bd6 9. h3 h6 10. Nf1 O-O 11. N1h2 Bh7 12. Nd2 e5 13. Nb3 cxd4 14. exd4 exd4 15.
Nxd4 Nxd4 16. cxd4 Bb4 17. Rf1 Bc2 18. Bg4 Bxd1 19. Bxc8 Be2 0-1

[Event "IX Floripa Chess Open Fort Atacadista"]
[Site "Florianópolis - Santa Catari"]
[Date "2023.01.25"]
[Round "4.113"]
[White "Cristino, Felipe Borges"]
[Black "Kawamoto, Victor Misao Buriti"]
[Result "1-0"]
[WhiteElo "1893"]
[BlackElo "1800"]
[PlyCount "75"]
[EventDate "2023.01.23"]
[EventRounds "10"]
[EventCountry "BRA"]

1. d4 Nf6 2. c4 g6 3. Nc3 d5 4. cxd5 Nxd5 5. Bd2 Bg7 6. e4 Nb6 7. Be3 Nc6 8.
Bb5 O-O 9. Nge2 Bg4 10. f3 Bd7 11. Qd3 Nb4 12. Qd2 Bxb5 13. Nxb5 Nc4 14. Qxb4
Nxe3 15. Qc3 Nxg2+ 16. Kf2 Nh4 17. Qxc7 Qxc7 18. Nxc7 Rac8 19. Rac1 Rfd8 20.
Rhd1 Rd7 21. Nb5 Rxc1 22. Rxc1 a6 23. Rc8+ Bf8 24. Nbc3 f6 25. d5 Kf7 26. Nd4
Bh6 27. Ne6 g5 28. Ne2 Ng6 29. N2d4 Ne5 30. Nf5 Kg6 31. Rg8+ Kh5 32. Ned4 Nf7
33. Kg2 Nd6 34. Kh3 Nxe4 35. fxe4 g4+ 36. Rxg4 Bg5 37. Ne6 h6 38. Nf8 1-0

[Event "IX Floripa Chess Open Fort Atacadista"]
[Site "Florianópolis - Santa Catari"]
[Date "2023.01.25"]
[Round "4.114"]
[White "Deretti, Lucas Jurk"]
[Black "Cruz, Natan Gomes"]
[Result "0-1"]
[WhiteElo "1392"]
[BlackElo "1891"]
[PlyCount "106"]
[EventDate "2023.01.23"]
[EventRounds "10"]
[EventCountry "BRA"]

1. e4 e6 2. Nf3 c5 3. d4 cxd4 4. Nxd4 Nf6 5. Bd3 Nc6 6. Nxc6 bxc6 7. e5 Qa5+ 8.
Nc3 Qxe5+ 9. Qe2 Qxe2+ 10. Bxe2 Rb8 11. b3 Bb4 12. Bd2 d5 13. a3 Bd6 14. O-O
O-O 15. Rfe1 Re8 16. Na4 e5 17. Be3 d4 18. Bd2 Bf5 19. Rec1 h6 20. Nb2 Ne4 21.
Be1 Bc7 22. Nc4 Be6 23. Bd3 Nc5 24. b4 Na4 25. Bd2 Bd5 26. Bf1 e4 27. c3 Bxc4
28. Bxc4 dxc3 29. Bxc3 Nxc3 30. Rxc3 Be5 31. Rac1 Bxc3 32. Rxc3 Kf8 33. Bb3 Rb6
34. Ba4 Re6 35. Bb3 Rd6 36. Kf1 Rd3 37. Rxd3 exd3 38. Bc4 c5 39. Bxd3 cxb4 40.
axb4 Rxb4 41. Ke2 a5 42. Bc2 a4 43. Kd3 a3 44. Kc3 a2 45. Kxb4 a1=Q 46. f3 Qb2+
47. Bb3 Qxg2 48. Bd5 Qxh2 49. Kc3 Qe5+ 50. Kc4 h5 51. Be4 h4 52. Bd5 h3 53. f4
Qxf4+ 0-1

[Event "IX Floripa Chess Open Fort Atacadista"]
[Site "Florianópolis - Santa Catari"]
[Date "2023.01.25"]
[Round "4.115"]
[White "Passos, Rafael Moreira"]
[Black "Moreira, Paulo Vinicius Mace"]
[Result "1-0"]
[WhiteElo "1891"]
[BlackElo "1800"]
[PlyCount "57"]
[EventDate "2023.01.23"]
[EventRounds "10"]
[EventCountry "BRA"]

1. e4 e5 2. Nf3 Nf6 3. Nxe5 d6 4. Nf3 Nxe4 5. Nc3 Nxc3 6. dxc3 Be6 7. Be3 Nc6
8. Qd2 Qd7 9. O-O-O O-O-O 10. Bb5 a6 11. Ba4 b5 12. Bb3 Bxb3 13. axb3 d5 14.
Rhe1 Be7 15. Nd4 Bf6 16. Bg5 Nxd4 17. cxd4 Qf5 18. Bxf6 Qxf6 19. Re5 Rhe8 20.
Rde1 Rxe5 21. Rxe5 Qd6 22. Qe2 f6 23. Re6 Qf4+ 24. Kb1 Kb7 25. Re7 Qg5 26. g3
Qg6 27. h4 h5 28. Qe6 Rd6 29. Qxd6 1-0

[Event "IX Floripa Chess Open Fort Atacadista"]
[Site "Florianópolis - Santa Catari"]
[Date "2023.01.25"]
[Round "4.116"]
[White "De Souza, Joao Francisco Biz"]
[Black "De Freitas, Isabella Ribeiro Co"]
[Result "1/2-1/2"]
[WhiteElo "1249"]
[BlackElo "1886"]
[PlyCount "118"]
[EventDate "2023.01.23"]
[EventRounds "10"]
[EventCountry "BRA"]

1. Nf3 d5 2. b3 Bg4 3. Bb2 Nf6 4. e3 Nbd7 5. Be2 e6 6. d3 Bd6 7. Nbd2 c6 8. h3
Bh5 9. c4 O-O 10. d4 dxc4 11. Nxc4 Bb4+ 12. Nfd2 Bxe2 13. Qxe2 b5 14. a3 Be7
15. Ne5 Nxe5 16. dxe5 Nd7 17. O-O Qc7 18. Nf3 Rfd8 19. Rac1 a6 20. Rfd1 Nc5 21.
b4 Rxd1+ 22. Qxd1 Nd7 23. Qc2 Rc8 24. Qe4 c5 25. bxc5 Nxc5 26. Qc2 Bd8 27. Qd2
Qe7 28. Qd6 Ne4 29. Qxa6 Rxc1+ 30. Bxc1 Qd7 31. Nd4 Nc3 32. Bd2 Ne2+ 33. Nxe2
Qxd2 34. Qxb5 Be7 35. g3 Bxa3 36. Nd4 Qc1+ 37. Kg2 Qc7 38. h4 g6 39. Qe8+ Bf8
40. Qb5 Kg7 41. Nf3 Bc5 42. Qa4 Qb7 43. Qf4 Be7 44. Kh2 h6 45. Nd2 g5 46. Qg4
Qb2 47. Qd4 Qxd4 48. exd4 gxh4 49. Kh3 hxg3 50. fxg3 Kg6 51. g4 Bg5 52. Nf3 Be3
53. Kg3 h5 54. Kh3 Bf2 55. Kg2 Be3 56. Kg3 Kh6 57. Kh3 hxg4+ 58. Kxg4 Kg6 59.
Nh4+ Kh6 1/2-1/2

[Event "IX Floripa Chess Open Fort Atacadista"]
[Site "Florianópolis - Santa Catari"]
[Date "2023.01.25"]
[Round "4.117"]
[White "Ribeiro, Dionatan Lua Franze"]
[Black "Medeiros, Thauane Ferreira"]
[Result "0-1"]
[WhiteElo "1800"]
[BlackElo "1883"]
[PlyCount "110"]
[EventDate "2023.01.23"]
[EventRounds "10"]
[EventCountry "BRA"]

1. b3 d5 2. Bb2 Nf6 3. e3 Bg4 4. Be2 Bxe2 5. Qxe2 c6 6. f4 Nbd7 7. Nf3 e6 8.
O-O Bd6 9. d3 O-O 10. Nbd2 Re8 11. Ne5 Qc7 12. Ndf3 Rad8 13. g4 Nf8 14. h4 Re7
15. g5 Nh5 16. Qg2 Qb6 17. Nd4 Bxe5 18. fxe5 Nd7 19. Qg4 g6 20. Nf3 Qxe3+ 21.
Rf2 Qf4 22. Nh2 Qxg4+ 23. Nxg4 Ng3 24. Nh6+ Kg7 25. d4 Nf5 26. Ba3 Ree8 27. c3
Rc8 28. Ng4 Nxh4 29. Rf4 Nf5 30. Kf2 b6 31. Nh6 c5 32. Nxf5+ gxf5 33. Ke3 cxd4+
34. Kxd4 Nb8 35. Bd6 Nc6+ 36. Kd3 Ne7 37. Rh4 Ng6 38. Ra4 a5 39. Rh1 Rc6 40. c4
dxc4+ 41. bxc4 Rec8 42. Kd4 Nf8 43. c5 bxc5+ 44. Kc4 Rb6 45. Rxa5 Rb4+ 46. Kc3
Ng6 47. Ra7 Rg4 48. Ra5 f4 49. a4 Rg3+ 50. Kc4 f3 51. Rh2 Rg2 52. Rh3 f2 53.
Rf3 Rg4+ 54. Kd3 Rf4 55. Ke2 Rxf3 0-1

[Event "IX Floripa Chess Open Fort Atacadista"]
[Site "Florianópolis - Santa Catari"]
[Date "2023.01.25"]
[Round "4.118"]
[White "Silva, Janderson Rossi Da"]
[Black "Ribeiro, Davison Soares"]
[Result "0-1"]
[WhiteElo "1883"]
[BlackElo "1800"]
[PlyCount "88"]
[EventDate "2023.01.23"]
[EventRounds "10"]
[EventCountry "BRA"]

1. e4 d5 2. exd5 Qxd5 3. Nc3 Qd6 4. d4 Nf6 5. Bc4 Bg4 6. f3 Bf5 7. Nge2 e6 8.
O-O Be7 9. Bf4 Qd7 10. Qd2 O-O 11. Rad1 a6 12. d5 b5 13. Bd3 b4 14. Bxf5 bxc3
15. dxe6 Qxd2 16. Bxd2 cxd2 17. Rxd2 Nc6 18. exf7+ Kxf7 19. Nf4 Bc5+ 20. Kh1
Be3 21. Be6+ Ke7 22. Re2 Bxf4 23. Bc8+ Kd6 24. Re6+ Kc5 25. Bb7 Nd8 26. b4+
Kxb4 27. Rb1+ Kc5 28. Rxf6 gxf6 29. Bxa8 Nc6 30. Bxc6 Kxc6 31. Rb4 Re8 32. g3
Bd6 33. Rc4+ Kb5 34. Rh4 Re7 35. a4+ Ka5 36. Kg2 f5 37. Kh3 Rf7 38. Rc4 f4 39.
g4 Re7 40. Kg2 Re2+ 41. Kg1 Re1+ 42. Kf2 Rh1 43. Kg2 Ra1 44. h4 Rxa4 0-1

[Event "IX Floripa Chess Open Fort Atacadista"]
[Site "Florianópolis - Santa Catari"]
[Date "2023.01.25"]
[Round "4.120"]
[White "Marques, Eudes Pinto"]
[Black "Silver, Fernanda Luise"]
[Result "1-0"]
[WhiteElo "1882"]
[BlackElo "1800"]
[PlyCount "45"]
[EventDate "2023.01.23"]
[EventRounds "10"]
[EventCountry "BRA"]

1. c4 e5 2. Nc3 Nf6 3. Nf3 Nc6 4. d3 h6 5. e4 d6 6. Be2 a6 7. a3 Nd4 8. Nxd4
exd4 9. Nd5 c6 10. Nxf6+ Qxf6 11. O-O Qh4 12. f4 Qd8 13. f5 Be7 14. Bf4 Bf6 15.
Qd2 O-O 16. Rf3 h5 17. Raf1 Qe7 18. Rh3 h4 19. g4 Bd7 20. g5 Be5 21. Rxh4 f6
22. g6 Bxf4 23. Qxf4 1-0

[Event "IX Floripa Chess Open Fort Atacadista"]
[Site "Florianópolis - Santa Catari"]
[Date "2023.01.25"]
[Round "4.122"]
[White "Carvalho, Felipe Lobo C."]
[Black "Toigo, John Edward"]
[Result "1-0"]
[WhiteElo "2068"]
[BlackElo "1800"]
[PlyCount "59"]
[EventDate "2023.01.23"]
[EventRounds "10"]
[EventCountry "BRA"]

1. d4 Nf6 2. Bf4 d5 3. e3 e6 4. Nd2 Be7 5. Bd3 a6 6. a4 c5 7. c3 Nc6 8. Ngf3
O-O 9. Ne5 Bd7 10. Qf3 Rc8 11. Qh3 Re8 12. Ng4 g6 13. Nh6+ Kf8 14. Be5 Nxe5 15.
dxe5 Nh5 16. g4 Ng7 17. Nxf7 Kxf7 18. Qxh7 Rg8 19. Bxg6+ Kf8 20. h4 Be8 21. Bd3
d4 22. h5 dxe3 23. fxe3 Nf5 24. Bxf5 exf5 25. Qxf5+ Kg7 26. O-O-O Qd7 27. e6
Qxa4 28. g5 Qa1+ 29. Nb1 Qa4 30. Rd7 1-0

[Event "IX Floripa Chess Open Fort Atacadista"]
[Site "Florianópolis - Santa Catari"]
[Date "2023.01.25"]
[Round "4.124"]
[White "Nobre, Jailson Altair Barb"]
[Black "Souza, Marcos Valerio A."]
[Result "1/2-1/2"]
[WhiteElo "1669"]
[BlackElo "1989"]
[PlyCount "95"]
[EventDate "2023.01.23"]
[EventRounds "10"]
[EventCountry "BRA"]

1. Nf3 Nf6 2. c4 c5 3. g3 g6 4. Bg2 Bg7 5. Nc3 O-O 6. b3 d5 7. cxd5 Nxd5 8. Bb2
Nxc3 9. Bxc3 Bxc3 10. dxc3 Qa5 11. Qc2 Bf5 12. Qb2 Nc6 13. O-O Rfd8 14. Rad1
Be4 15. Rd2 Rxd2 16. Nxd2 Bxg2 17. Kxg2 Rd8 18. Nc4 Qc7 19. Qc2 Ne5 20. Nxe5
Qxe5 21. Rd1 Rd6 22. Rxd6 exd6 23. c4 d5 24. cxd5 Qxd5+ 25. e4 Qc6 26. Qc4 b5
27. Qd3 c4 28. bxc4 bxc4 29. Qd8+ Kg7 30. Qd4+ f6 31. Qxa7+ Kg8 32. Qb8+ Kf7
33. f3 c3 34. Qb3+ Kg7 35. Qc2 Qc5 36. Kf1 Qe3 37. a4 Qxf3+ 38. Kg1 Kf8 39. a5
Qe3+ 40. Kf1 Qc5 41. Ke2 Qxa5 42. Kd3 Ke7 43. Qxc3 Qxc3+ 44. Kxc3 Ke6 45. Kd4
h5 46. h3 g5 47. h4 gxh4 48. gxh4 1/2-1/2

[Event "IX Floripa Chess Open Fort Atacadista"]
[Site "Florianópolis - Santa Catari"]
[Date "2023.01.25"]
[Round "4.125"]
[White "Dos Santos, Lucas Carvalho Ribe"]
[Black "Fischer, Ivo Lucio"]
[Result "0-1"]
[WhiteElo "1619"]
[BlackElo "1926"]
[PlyCount "116"]
[EventDate "2023.01.23"]
[EventRounds "10"]
[EventCountry "BRA"]

1. e4 c5 2. Nf3 e6 3. d3 Be7 4. g3 Nc6 5. Bg2 Nf6 6. O-O d6 7. Re1 O-O 8. Nbd2
Bd7 9. Nf1 Qc7 10. h4 h6 11. c3 Rac8 12. N1h2 e5 13. Qe2 Ng4 14. h5 Rce8 15.
Bd2 Nxh2 16. Nxh2 f5 17. f4 Qc8 18. exf5 exf4 19. Bd5+ Kh8 20. Bxf4 Bg5 21. Qd2
Rxf5 22. Rxe8+ Qxe8 23. Re1 Qd8 24. Bf3 Bxf4 25. gxf4 Rf8 26. d4 cxd4 27. cxd4
Qh4 28. d5 Nd4 29. Qf2 Qxf4 30. Kg2 Nf5 31. Kg1 Nh4 32. Rf1 Bb5 33. Bg2 Bxf1
34. Qxf4 Rxf4 35. Bxf1 Rd4 36. Be2 Rxd5 37. Nf1 Re5 38. Kf2 Nf5 39. Nd2 Nd4 40.
Bd1 d5 41. Nb1 Nc6 42. Nc3 d4 43. Ne2 a5 44. Nf4 Rf5 45. Kg3 Ne5 46. Be2 d3 47.
Bd1 Rg5+ 48. Kf2 g6 49. hxg6 Nxg6 50. Nxd3 h5 51. Bf3 Ne5 52. Nxe5 Rxe5 53.
Bxb7 Rb5 54. Bf3 Rxb2+ 55. Kg3 Rxa2 56. Bxh5 a4 57. Kf3 a3 58. Ke3 Rh2 0-1

[Event "IX Floripa Chess Open Fort Atacadista"]
[Site "Florianópolis - Santa Catari"]
[Date "2023.01.25"]
[Round "4.126"]
[White "Feller, Gabriela Luisa Vice"]
[Black "Rodrigues, Natanael Isau"]
[Result "1-0"]
[WhiteElo "1914"]
[BlackElo "1714"]
[PlyCount "83"]
[EventDate "2023.01.23"]
[EventRounds "10"]
[EventCountry "BRA"]

1. d4 Nf6 2. c4 e6 3. Nf3 b6 4. Nc3 Bb4 5. Bg5 Bb7 6. e3 O-O 7. Be2 d5 8. cxd5
exd5 9. O-O Nbd7 10. Rc1 a6 11. Qc2 Be7 12. Bd3 c5 13. Rfd1 h6 14. Bh4 Rc8 15.
Qb1 Re8 16. b3 Qc7 17. dxc5 bxc5 18. Bf5 Rcd8 19. Na4 c4 20. Bg3 Qa5 21. bxc4
Bc6 22. Nb2 Ba3 23. cxd5 Bxd5 24. Nc4 Bxc4 25. Rxc4 Rc8 26. Rxc8 Rxc8 27. Qb7
Qxf5 28. Qxc8+ Kh7 29. Qxa6 Qc5 30. Qd3+ Kg8 31. Bd6 Qxd6 32. Qxd6 Bxd6 33.
Rxd6 Kf8 34. Nd4 Ke7 35. Nf5+ Kf8 36. Ra6 Kg8 37. a4 g6 38. Nd6 Nd5 39. a5 Nb4
40. Ra8+ Kg7 41. a6 Nc5 42. a7 1-0